| 000 | 01003nam a22003017c 4500 | ||
|---|---|---|---|
| 003 | EG-GICUC | ||
| 005 | 20260203095203.0 | ||
| 008 | 260203s1937 wj ||fr|||| 001 0 eng d | ||
| 040 |
_aEG-GiCUC _beng _cEG-GiCUC _dEG-GiCUC _erda |
||
| 041 | 0 | _aeng | |
| 082 | 0 | 4 |
_221 _a341.81 _bFO |
| 092 | 0 | 4 | _221 |
| 099 | _aLaw1 12 341.81 FO 1937 | ||
| 245 | 0 | 4 |
_aThe Foreign Laws Of Marriage And Divorce. _nPart I, _pThe Countries Of The European Continent / _cCompiled By Herman Cohn. |
| 264 | 1 |
_aTel-aviv : _bPalestine Publishing Company, _c1937. |
|
| 300 |
_a263 pages, _c24 cm. |
||
| 336 |
_2rda content _atext |
||
| 337 |
_2rda media _aComputer |
||
| 338 |
_2rda carrier _aOnline Resource |
||
| 504 | _aIncludes bibliographical references and index. | ||
| 546 | _aText in English | ||
| 650 | 1 | 4 |
_aPrivate international law _2 |
| 651 | 1 | _2 | |
| 700 | 1 |
_aCohn, Herman _eCompiler. |
|
| 856 | 4 | 0 | _uhttps://fll.law.cu.edu.eg/fulltext/bks/B12-02374.pdf |
| 905 | _a48 | ||
| 942 |
_2ddc _cBK _e21 _n0 |
||
| 999 |
_c60436 _d60436 |
||